| 000 | 00000nam 22000008a 4500 |
| 001 | 9.838091 |
| 003 | CaOODSP |
| 005 | 20221107151310 |
| 007 | cr ||||||||||| |
| 008 | 170803s1976 onc o| f000 0 eng d |
| 040 | |aCaOODSP|beng |
| 043 | |an-cn-- |
| 086 | 1 |aR5-249/1976E-PDF |
| 100 | 1 |aGeer, M. |
| 245 | 10|aEvaluation of the Nominal Roll System 2-2-186 |h[electronic resource] / |cstudy team : M. Geer [and] E. Powell. |
| 260 | |a[Ottawa] : |bDepartment of Indian Affairs and Northern Development, |c1976. |
| 500 | |a"October 15, 1976." |
| 500 | |aDigitized edition from print [produced by Indigenous and Northern Affairs Canada]. |
| 692 | 07|2gccst|aEducation |
| 692 | 07|2gccst|aAboriginal youth |
| 700 | 1 |aPowell, E. |
| 710 | 2 |aManagement Consulting Services. |
| 710 | 1 |aCanada. |bIndian and Northern Affairs Canada. |
| 856 | 40|qPDF|s1.11 MB|uhttps://publications.gc.ca/collections/collection_2017/aanc-inac/R5-249-1976-eng.pdf |